Statistics for Top 20 NFL Passing Yards Leaders of All Time

Click here to take the quiz!

General Stats

  • This quiz has been taken 938 times
  • The average score is 14 of 20

Answer Stats

HintAnswer% Correct
Patriots58,028Tom Brady
97%
Dolphins61,361Dan Marino
95%
Chargers, Saints60,903Drew Brees
95%
Colts, Broncos71,940Peyton Manning
91%
Broncos51,475John Elway
89%
Falcons, Packers, Jets Vikings71,838Brett Favre
88%
Chargers41,447Philip Rivers
86%
49ers, Chiefs40,551Joe Montana
84%
Giants44,191Eli Manning
82%
Oilers, Vikings, Seahawks Chiefs49,325Warren Moon
77%
Steelers42,995Ben Roethlisberger
75%
Bengals, Raiders, Cardinals40,036Carson Palmer
61%
Patriots, Bills, Cowboys44,611Drew Bledsoe
60%
VIkings, Giants47,003Fran Tarkenton
56%
Colts, Chargers40,329Johnny Unitas
51%
Chargers43,040Dan Fouts
48%
Buccaneers, Browns, Ravens, Jets, Cowboys, Patriots, Panthers46,233Vinny Testaverde
39%
Bengals, Jets, Cardinals, Bengals37,920Boomer Esiason
34%
Panthers, Saints, Giants, Raiders, Titans, Colts40,922Kerry Collins
25%
Seahawks, Chiefs, Lions, Cardinals, Bears, Lions38,147Dave Krieg
19%

Score Distribution

Percentile by Number Answered

Percent of People with Each Score

Your Score History

You have not taken this quiz